00721aam a2200265 450000500170000000800410001704100140005808200190007210000280009124500290011925000160014826000280016430000180019250500430021065000160025365000220026965000260029165000180031765000120033565000230034765000120037065000340038265000130041665000260042920220126130503.0150722b xxu||||| |||| 00| 0 spa d aEspañol a657.45 F786t3 aFowler Newton, Enrique  aTratado de auditoría  a3 edición aArgentinabLa Leyc2004 a482 páginas aTomo I Contiene disco compacto N° 371 aAUDITORÍA aESTADOS CONTABLES aNORMAS DE AUDITORÍA aINDEPENDENCIA aÉTICA aCONTROL DE CALIDAD aAUDITOR aPROCEDIMIENTOS DE AUDITORÍA aMUESTREO aMOVIMIENTOS CONTABLES